000 00357nam a22001457a 4500
050 _aHC106.8
_b.W53 2010
100 _aHudson,William
245 _aFinance,insurance and real estate
_cWilliam Hudson
260 _aU.S.A
_bMcGrawHill Creat
_c2010
300 _a133p
650 _bFinance
650 _binsurance
650 _breal estate
942 _2lcc
_cGEN
999 _c13767
_d13767